Подробности
| 000 -МАРКЕР |
| контрольное поле |
01566nam2a22002291 4500 |
| 001 - ИДЕНТИФИКАТОР ЗАПИСИ |
| контрольное поле |
rc\960838 |
| 005 - ИДЕНТИФИКАТОР ВЕРСИИ |
| контрольное поле |
20250622103921.0 |
| 035 ## - ДРУГИЕ СИСТЕМНЫЕ НОМЕРА |
| Идентификатор записи |
(NLR Aleph) 006244843 |
| 100 ## - ДАННЫЕ ОБЩЕЙ ОБРАБОТКИ |
| Данные общей обработки |
20041129d1989 |||y0rusy50 ca |
| 101 0# - ЯЗЫК РЕСУРСА |
| Язык текста, звукозаписи и т.д. |
русский |
| 102 ## - СТРАНА ПУБЛИКАЦИИ ИЛИ ПРОИЗВОДСТВА |
| Страна публикации |
Российская Федерация |
| 105 ## - ПОЛЕ КОДИРОВАННЫХ ДАННЫХ: ТЕКСТОВЫЕ МАТЕРИАЛЫ, МОНОГРАФИЧЕСКИЕ |
| Кодированные данные о монографическом текстовом документе |
y ||||||||| |
| 200 1# - ЗАГЛАВИЕ И СВЕДЕНИЯ ОБ ОТВЕТСТВЕННОСТИ |
| Основное заглавие |
Сметные нормы и правила, гл. 14 |
| Сведения, относящиеся к заглавию |
Правила разработки и применения укрупненных сметных норм и расценок |
| -- |
СНиП IV-14-84, сб. № 2-1: Земляные работы, сб. № 2-2: Фундаменты, сб. № 2-4: Подвесные потолки, сб. № 2-5: Кровли, сб. № 2-9: Отделочные работы, сб. № 2-10: Лестницы |
| -- |
Утв. Гос. строит. ком. СССР 15.09.87 |
| -- |
[Срок введ. 01.01.88] |
| 210 ## - ПУБЛИКАЦИЯ, РАСПРОСТРАНЕНИЕ И ДР. |
| Дата издания, распространения и т.д. |
1989 |
| Место издания, распространения и т.д. |
Б. м. |
| 215 ## - ФИЗИЧЕСКАЯ ХАРАКТЕРИСТИКА |
| Специфическое обозначение материала и объем |
348, [1] с. |
| 461 #0 - УРОВЕНЬ НАБОРА |
| Встроенное поле |
001rc\960837 |
| -- |
2001#$aСтроительные нормы и правила$eПриложение$eСб. укрупн. смет. норм и расценок$eКонструкции и виды работ жил.-гражд. стр-ва$vЧ. 4 |
| Системный номер (АБИС) связанной записи |
6699461 |
| Место публикации |
М. |
| Дата публикации |
1989 |
| Издание |
Офиц. изд. |
| Имя издателя, распространителя и т.д. |
Стройиздат |
| Сведения, относящиеся к заглавию |
Приложение : Сб. укрупн. смет. норм и расценок : Конструкции и виды работ жил.-гражд. стр-ва |
| Заглавие |
Строительные нормы и правила |
| Номер тома |
Ч. 4 |
| 801 #0 - ИСТОЧНИК ЗАПИСИ |
| Страна |
Российская Федерация |
| Организация |
NLR |
| Правила каталогизации |
psbo |
| 801 #1 - ИСТОЧНИК ЗАПИСИ |
| Страна |
Российская Федерация |
| Организация |
ELAR |
| Источник данных |
rusmarc |
| 852 ## - МЕСТОНАХОЖДЕНИЕ И ШИФР ХРАНЕНИЯ |
| Идентификатор организации |
NLR |
| Наименование фонда или коллекции (Sub-Location Identifier) |
Пт |
| Шифр хранения (Call Number) |
80/440 |
| 942 ## - ДОПОЛНИТЕЛЬНЫЕ ЭЛЕМЕНТЫ ЗАПИСИ (АБИС) |
| Тип экземпляра АБИС |
Книга |
| 980 ## - КОЛЛЕКЦИЯ |
| Название коллекции |
Национальная библиография |